000 01093nam a2200313 i 4500
003 EG-GICUC
005 20260419212820.0
008 260419s1928 fr |||f |||| 00| 0 fre d
040 _aEG-GiCUC
_bfre
_cEG-GiCUC
_dEG-GiCUC
_eRda
041 _afre
082 0 4 _221
_a343.3
092 0 4 _221
099 _aLaw1 10 343.3 GA . I 1928 B1008984 C1
100 1 _aR. Garraud
_eAuteur
245 1 0 _aTraitė Théorique Et Pratique :
_bD'instruction Criminelle De Procédure Pénale.
_nTome Cinquième /
_c Par R. Garraud, Pierre Garraud.
264 _aparis :
_bLIBRAIRIE DE LA SOCIÉTÉ DU RECUEIL J.-B. SIREY,
_c1928.
300 _a762 pages ;
_c 24 cm
_billustration ;
336 _2rda contenu
_a texte
337 _2rda medias
_aOrdinateur
338 _2 transporteur rda
_a Ressource en ligne
504 _aBibliography: pages 200-250. 240-220
546 _aTexte en français
650 1 _aDroit pénal
_2qrmak
651 1 _2qrmak
700 1 _aGarraud, Pierre
_eAuteur
856 4 0 _uhttps://fll.law.cu.edu.eg/fulltext/bks/B10-08984.pdf
905 _a162
942 _2ddc
_cBK
_e21
_n0
999 _c72054
_d72054